000 01864cam a2200409 a 4500
999 _c28754
_d28725
001 11928627
003 EG-ScBUE
005 20200920114935.0
008 000303t2000 enkab f b 101 0 eng d
020 _a0851994520 (alk. paper)
040 _aDLC
_beng
_erda
_cDLC
_dDLC
_dEG-ScBUE
043 _as------
082 0 0 _a633.202
_bGRA
_222
245 0 0 _aGrassland ecophysiology and grazing ecology /
_cedited by G. Lemaire, Inra, France [and four others]
264 1 _aOxon, UK ;
_aNew York, NY :
_bCABI Publishing,
_c[2000]
264 4 _cc2000
300 _axiv, 422 pages :
_billustrations, maps ;
_c24 cm
336 _2rdacontent
_atext
_btxt
337 _2rdamedia
_aunmediated
_bn
338 _2rdacarrier
_avolume
_bnc
500 _aEdited and revised versions of papers presented at an international conference held in Curitiba, Parana, Brazil, Aug. 24-26, 1999.
504 _aIncludes bibliographical references and index.
650 7 _aRange management
_vCongresses.
_2BUEsh
650 7 _aGrasses
_xEcophysiology
_vCongresses.
_2BUEsh
650 7 _aRange ecology
_vCongresses.
_2BUEsh
650 7 _aRange management
_zSouth America
_vCongresses.
_2BUEsh
650 7 _aGrasses
_xEcophysiology
_zSouth America
_vCongresses.
_2BUEsh
650 7 _aRange ecology
_zSouth America
_vCongresses.
_2BUEsh
653 _bGGEN
_cSeptember2020
655 _vReading book
_934232
700 1 _aLemaire, Gilles,
_d1945-
_eeditor.
856 4 2 _3Publisher description
_uhttp://www.loc.gov/catdir/enhancements/fy0610/00028916-d.html
856 4 1 _3Table of contents only
_uhttp://www.loc.gov/catdir/enhancements/fy0610/00028916-t.html
906 _a7
_bcbc
_corignew
_d1
_eocip
_f20
_gy-gencatlg
942 _2ddc
_cBB